| 000 | 00716nam a2200205 a 4500 | ||
|---|---|---|---|
| 001 | 000048815 | ||
| 005 | 20201002061429.0 | ||
| 008 | 190412s2014 dr a 000 0 spa d | ||
| 020 | _a9789945583915 | ||
| 040 |
_aDO-SdBNP _bspa _cBNPHU |
||
| 082 |
_axxx _bM268c |
||
| 100 | 1 |
_aMancebo, María _d1958- _976267 |
|
| 245 | 1 | 3 |
_aLa Ciguapa : _by otros cuentos / _cMaría Mancebo ; ilustraciones Ernesto Valdes, Teresa Jiménez. |
| 260 |
_aSanto Domingo, : _bSantuario, _c2014. |
||
| 300 |
_a69 p. ; : _bil ; _c23 cm. |
||
| 500 | _aIncluye datos biografícos de la autora en la solapa de la portada. | ||
| 590 | _aInventariado, 2019/ YL | ||
| 700 | 1 | 2 |
_aValdes, Ernesto _eil. _976268 |
| 700 | 1 | 2 |
_aJiménez, Teresa _eil. _949237 |
| 999 |
_c48303 _d48303 |
||